000 00452nam a2200169Ia 4500
003 GCL
008 140319s9999 xx 000 0 ara d
040 _aGCL /
_cGCL
082 0 4 _a842
_bب خ
100 1 _aباول تسيلان
245 1 0 _aالخشخاش والذاكرة /
_cباول تسيلان
260 _a[S.N] :
_bدار الجديد ،
_c1989
300 _a72 ص
490 _a
650 0 4 _aالشعر الفرنسى
942 _2ddc
_cBK
999 _c36755
_d36755